Control systems safety evaluation and reliability /
Guardado en:
| Autor Principal: | |
|---|---|
| Formato: | Libro |
| Idioma: | English |
| Publicado: |
Research Triangle Park, N.C. :
Instrument society of America (ISA),
1998.
|
| Edición: | 2nd ed. |
| Series: | Resources for measurement and control series
|
| Materias: | |
| Etiquetas: |
Agregar Etiqueta
Sin Etiquetas, Sea el primero en etiquetar este registro!
|
| LEADER | 00923pam a22002415a 4500 | ||
|---|---|---|---|
| 001 | EIQ.libpla002880 | ||
| 008 | 971208s1998####ncua#####b####001#0#eng#d | ||
| 005 | 20070906200003.0 | ||
| 245 | 1 | 0 | |a Control systems safety evaluation and reliability / |c William M. Goble. |
| 250 | |a 2nd ed. | ||
| 260 | |a Research Triangle Park, N.C. : |b Instrument society of America (ISA), |c 1998. | ||
| 300 | |a xvii, 513 p. : |b il. ; |c 26 cm. | ||
| 440 | 0 | |a Resources for measurement and control series | |
| 500 | |a Ed. previas publicadas bajo el título: Evaluating control systems reliability. 1992. | ||
| 504 | |a Incluye referencias bibliográficas e índice. | ||
| 020 | |a 1556176368 | ||
| 100 | 1 | |a Goble, William M. | |
| 082 | 0 | 0 | |a 629.8 |2 21 |
| 650 | 0 | |a Control automático |x Confiabilidad. | |
| 650 | 0 | |a Automatic control |x Reliability. | |
| 010 | |a 97042557 | ||
| 040 | |a DLC |c DLC |d AR-BbSID | ||
| 859 | |a AR-BbSID |b BIB. PLAPIQUI |h 629.8 |i G 535 |p 5068 | ||
